000 01164nam a22002894n 4500
003 AR-BaSMT
008 230502b2021 aga|||ar|||| 00| 1 spa d
020 _a9789873681103
040 _aBSGB
_bespañol
_erda
041 0 _aspa
_hespañol
080 _a82-34
100 1 _aCanela
_9459
245 1 3 _aEl sol de Otto
250 _aprimera edición, segunda reimpresión
264 1 _aBuenos Aires
_bLa brujita de papel
_c2021
300 _a32 páginas
_bIlustraciones color
336 _2rdacontent
_atexto
_btxt
337 _2rdamedia
_asin mediación
_bn
338 _2rda carrier
_avolúmen
_bnc
520 1 _aAquí, en el fondo del mar, donde vive Otto, el mundo es azul, muy oscuro. La anguila eléctrica que alumbra de vez en cuando, le contó que arriba, donde bailan las olas hay mucha luz y que el sol es el dueño de la luz. Desde entonces el pulpo tiene una pregunta que le hace cosquillas en la cabeza: ¿Cómo será el sol?
_uContratapa
521 _aJardín
650 7 _98
_aLITERATURA INFANTIL
_zArgentina
650 7 _923
_aCUENTO
_zArgentina
700 1 _aFernandez, Luciana
_eIlustradora
_9467
942 _2udc
_aBOOK
999 _c628
_d628